000 01349nam a2200229 a 4500
008 120416s1985 ||||||||||||||||| || u
020 _a0582410797
050 _aT 355 Hil
100 _aHilton, Frank
245 1 0 _aBuilding geometry and drawing
250 _ametric ed.
260 _aLondon
_bLongman
_c1985
300 _a[v], 168p. : ill.
350 _a0.00
650 _aSTRUCTURAL DRAWING
995 _aMAIN LIBRARY OPEN ACCESS
_D0.00
_e714203
_FCBU-MAIN LIBRARY (Kitwe)
_H2
_I4.95
_jT 355 Hil
_M1
_UAVAILABLE
_y013724
_ZMain Library Open Access Collection
995 _aANNEX COLLECTION (Main Library)
_D0.00
_e714202
_FCBU-MAIN LIBRARY (Kitwe)
_H5
_I4.95
_jT 355 Hil
_M3
_UAVAILABLE
_y013726
_ZAnnex Low-Usage Collection
995 _aANNEX COLLECTION (Main Library)
_D0.00
_e709652
_FCBU-MAIN LIBRARY (Kitwe)
_H4
_I4.95
_jT 355 Hil
_M5
_UAVAILABLE
_y013728
_ZAnnex Low-Usage Collection
995 _aANNEX COLLECTION (Main Library)
_D0.00
_e714201
_FCBU-MAIN LIBRARY (Kitwe)
_H6
_I4.95
_jT 355 Hil
_M4
_UAVAILABLE
_y013727
_ZAnnex Low-Usage Collection
995 _aANNEX COLLECTION (Main Library)
_D0.00
_e714204
_FCBU-MAIN LIBRARY (Kitwe)
_H3
_I4.95
_jT 355 Hil
_M6
_UAVAILABLE
_y013729
_ZAnnex Low-Usage Collection
995 _aMAIN LIBRARY OPEN ACCESS
_D0.00
_e714856
_FCBU-MAIN LIBRARY (Kitwe)
_H1
_I4.95
_jT 355 Hil
_M2
_UAVAILABLE
_y013725
_ZMain Library Open Access Collection
999 _c78924
_d78924